| 000 | 00472nam a22001817a 4500 | ||
|---|---|---|---|
| 003 | CEME | ||
| 005 | 20210628205727.0 | ||
| 008 | 210316b xxu||||| |||| 00| 0 eng d | ||
| 020 | _a0-89116-522-3 | ||
| 040 | _c. | ||
| 082 | _a536.2 PAT | ||
| 100 |
_aPatankar, Suhas V _91330 |
||
| 245 | _aNumerical heat transfer and fluid flow | ||
| 260 |
_aUSA _bTAYLOR AND FRANCIS _c1980 |
||
| 300 | _a197P | ||
| 650 |
_aHEAT-TRANSMISSION FLUID DYNAMICS _976850 |
||
| 942 |
_cBK _2ddc |
||
| 999 |
_c582165 _d582165 |
||